<?xml version="1.0" encoding="UTF-8"?>
<record
    xmlns:xsi="http://www.w3.org/2001/XMLSchema-instance"
    xsi:schemaLocation="http://www.loc.gov/MARC21/slim http://www.loc.gov/standards/marcxml/schema/MARC21slim.xsd"
    xmlns="http://www.loc.gov/MARC21/slim">

  <leader>01154nam a22002417a 4500</leader>
  <datafield tag="952" ind1=" " ind2=" ">
    <subfield code="0">0</subfield>
    <subfield code="1">0</subfield>
    <subfield code="4">0</subfield>
    <subfield code="7">0</subfield>
    <subfield code="a">18</subfield>
    <subfield code="b">18</subfield>
    <subfield code="d">2018-08-13</subfield>
    <subfield code="l">0</subfield>
    <subfield code="o">HC140.E5 S87</subfield>
    <subfield code="p">18 004831</subfield>
    <subfield code="r">2018-08-13</subfield>
    <subfield code="t">1</subfield>
    <subfield code="w">2018-08-13</subfield>
    <subfield code="y">LB</subfield>
  </datafield>
  <datafield tag="952" ind1=" " ind2=" ">
    <subfield code="0">0</subfield>
    <subfield code="1">0</subfield>
    <subfield code="4">0</subfield>
    <subfield code="7">0</subfield>
    <subfield code="a">07</subfield>
    <subfield code="b">07</subfield>
    <subfield code="d">2018-10-22</subfield>
    <subfield code="l">0</subfield>
    <subfield code="o">HC140.E5 S87</subfield>
    <subfield code="p">07 006576</subfield>
    <subfield code="r">2018-10-22</subfield>
    <subfield code="t">1</subfield>
    <subfield code="w">2018-10-22</subfield>
    <subfield code="y">LB</subfield>
  </datafield>
  <datafield tag="999" ind1=" " ind2=" ">
    <subfield code="c">103243</subfield>
    <subfield code="d">103243</subfield>
  </datafield>
  <controlfield tag="005">20231102152052.0</controlfield>
  <controlfield tag="008">180809s2015    mx a|||| |||| 00| 0 spa d</controlfield>
  <datafield tag="020" ind1=" " ind2=" ">
    <subfield code="a">9786077361626</subfield>
  </datafield>
  <datafield tag="050" ind1="0" ind2="4">
    <subfield code="a">HC140.E5</subfield>
    <subfield code="b">S87</subfield>
  </datafield>
  <datafield tag="245" ind1="1" ind2="0">
    <subfield code="a">Sustentabilidad en M&#xE9;xico</subfield>
    <subfield code="c">/ Iliana Rodr&#xED;guez Santiba&#xF1;ez, Jos&#xE9; Fern&#xE1;ndez Santill&#xE1;n (coordinadores) ; pr&#xF3;logo, Mark Williams Wood </subfield>
  </datafield>
  <datafield tag="260" ind1=" " ind2=" ">
    <subfield code="a">M&#xE9;xico</subfield>
    <subfield code="b">: Fontamara</subfield>
    <subfield code="c">, 2015</subfield>
  </datafield>
  <datafield tag="300" ind1=" " ind2=" ">
    <subfield code="a">177 p&#xE1;ginas</subfield>
  </datafield>
  <datafield tag="490" ind1="1" ind2="0">
    <subfield code="a">Colecci&#xF3;n Argumentos</subfield>
  </datafield>
  <datafield tag="504" ind1=" " ind2=" ">
    <subfield code="a">Bibliograf&#xED;a (p. 176)</subfield>
  </datafield>
  <datafield tag="505" ind1=" " ind2=" ">
    <subfield code="a">Teor&#xED;a pol&#xED;tica y desarrollo sustentable
El desarrollo sustentable en M&#xE9;xico
El concepto de sustentabilidad
Sustentabilidad
El derecho humano al desarrollo sustentable y sus mecanismos  de efectividad
Sustentabilidad y pol&#xED;tica p&#xFA;blica en M&#xE9;xico</subfield>
  </datafield>
  <datafield tag="519" ind1=" " ind2=" ">
    <subfield code="a">Material complementario /</subfield>
    <subfield code="d">(18 004831)</subfield>
  </datafield>
  <datafield tag="519" ind1=" " ind2=" ">
    <subfield code="a">Material complementario /</subfield>
    <subfield code="b">Gastronom&#xED;a /</subfield>
    <subfield code="d">(07 006576)</subfield>
  </datafield>
  <datafield tag="519" ind1=" " ind2=" ">
    <subfield code="a">Material Complementario /</subfield>
    <subfield code="b">Gastronom&#xED;a /</subfield>
    <subfield code="d">(02 005821)</subfield>
  </datafield>
  <datafield tag="650" ind1="1" ind2="4">
    <subfield code="a">DESARROLLO SUSTENTABLE</subfield>
    <subfield code="z">M&#xC9;XICO</subfield>
  </datafield>
  <datafield tag="700" ind1="1" ind2=" ">
    <subfield code="a">Rodr&#xED;guez Santiba&#xF1;ez, Iliana</subfield>
    <subfield code="e">coordinadora</subfield>
  </datafield>
  <datafield tag="700" ind1="1" ind2=" ">
    <subfield code="a">Fern&#xE1;ndez Santill&#xE1;n, Jos&#xE9;</subfield>
    <subfield code="e">coordinador</subfield>
  </datafield>
  <datafield tag="942" ind1=" " ind2=" ">
    <subfield code="c">LB</subfield>
  </datafield>
</record>
